LEADER 01891nam 2200541 450 001 9910465660403321 005 20210826154334.0 010 $a1-4698-3124-4 035 $a(CKB)3710000000656988 035 $a(SSID)ssj0001692040 035 $a(PQKBManifestationID)16539502 035 $a(PQKBTitleCode)TC0001692040 035 $a(PQKBWorkID)14794526 035 $a(PQKB)25079123 035 $a(MiAaPQ)EBC4786213 035 $a(EXLCZ)993710000000656988 100 $a20150921h20162016 uy| 0 101 0 $aeng 135 $aurcnu|||||||| 181 $ctxt 182 $cc 183 $acr 200 00$aMinimally invasive foot and ankle surgery /$feditors, Eric M. Bluman, MD, Phd, Medical Director, Division of oFoot and Ankle, Brigham and Women's Hospital, Harvard Medical School, Boston, Massachusetts, Christopher P. Chiodo, MD, Chief, Foot and Ankle Surgery Service, Brigham and Women's Hospital, Harvard Medical School, Boston, Massachusetts 210 1$aPhiladelphia :$cWolters Kluwer,$d[2016] 210 4$d©2016 215 $a1 online resource (420 pages) $ccolor illustrations 300 $aBibliographic Level Mode of Issuance: Monograph 311 $a1-4511-3161-5 320 $aIncludes bibliographical references and index. 606 $aFoot$xSurgery 606 $aAnkle$xSurgery 606 $aAnkle$xWounds and injuries 606 $aFoot$xWounds and injuries 608 $aElectronic books. 615 0$aFoot$xSurgery. 615 0$aAnkle$xSurgery. 615 0$aAnkle$xWounds and injuries. 615 0$aFoot$xWounds and injuries. 676 $a617.5/85059 702 $aBluman$b Eric M. 702 $aChiodo$b Christopher P. 801 0$bMiAaPQ 801 1$bMiAaPQ 801 2$bMiAaPQ 906 $aBOOK 912 $a9910465660403321 996 $aMinimally invasive foot and ankle surgery$92469095 997 $aUNINA LEADER 02136nam 2200601 a 450 001 9910456971303321 005 20200520144314.0 010 $a1-283-09352-9 010 $a9786613093523 010 $a0-8389-9734-1 035 $a(CKB)2550000000006474 035 $a(EBL)480200 035 $a(OCoLC)593294057 035 $a(SSID)ssj0000335256 035 $a(PQKBManifestationID)12099620 035 $a(PQKBTitleCode)TC0000335256 035 $a(PQKBWorkID)10271827 035 $a(PQKB)10300750 035 $a(MiAaPQ)EBC480200 035 $a(Au-PeEL)EBL480200 035 $a(CaPaEBR)ebr10469318 035 $a(CaONFJC)MIL309352 035 $a(EXLCZ)992550000000006474 100 $a20090506d2010 uy 0 101 0 $aeng 135 $aurcn||||||||| 181 $ctxt 182 $cc 183 $acr 200 10$aBite-sized marketing$b[electronic resource] $erealistic solutions for the overworked librarian /$fNancy Dowd, Mary Evangeliste, & Jonathan Silberman 210 $aChicago $cAmerican Library Association$d2010 215 $a1 online resource (153 p.) 300 $aIncludes index. 311 $a0-8389-1000-9 327 $aWord-of-mouth marketing -- Bring your library to life with a story -- How to market electronic resources -- Public relations 101 -- Outreach -- Advocacy -- The new marketing tools -- Design -- Branding -- Marketing best practices. 330 $aFilled with contemporary marketing ideas, and structured to quickly impart simple and cost-effective ideas for marketing your library. 606 $aLibraries$xMarketing 606 $aLibraries$xPublic relations 608 $aElectronic books. 615 0$aLibraries$xMarketing. 615 0$aLibraries$xPublic relations. 676 $a021.7 700 $aDowd$b Nancy$f1956-$0989590 701 $aEvangeliste$b Mary$0989591 701 $aSilberman$b Jonathan$f1982-$0989592 712 02$aEbscoHost (Servicio en línea) 801 0$bMiAaPQ 801 1$bMiAaPQ 801 2$bMiAaPQ 906 $aBOOK 912 $a9910456971303321 996 $aBite-sized marketing$92263424 997 $aUNINA